000 00695nam a2200229Ia 4500
001 10107
003 GE_BSU
008 181216s||||||||xx |||||||||||||| ||und||
040 _cGE_BSU
080 _a821.353.1–32
100 _aსურმანიძე,რამაზ
245 _aემრულა
245 _bმოთხრობა
245 _cრედ.ზ.ფირცხალაიშვილი,მხატვ.ზ.ხაბაძე
260 _aბათუმი
260 _bსაბჭოთა აჭარა
260 _c1985
300 _a158გვ.ილ.17სმ.
653 _aემრულა
653 _aმოთხრობა
942 _cBK
999 _c43379
_d43379